Library Logo

Pioneer International University Library Catalogue

Business information (Record no. 3425)

MARC details
000 -LEADER
fixed length control field 00272nam a22000977a 4500
005 - DATE AND TIME OF LATEST TRANSACTION
control field 20250901165414.0
008 - FIXED-LENGTH DATA ELEMENTS--GENERAL INFORMATION
fixed length control field 210324b ||||| |||| 00| 0 eng d
050 ## - LIBRARY OF CONGRESS CALL NUMBER
Classification number HD62.5 .T46 1995
245 ## - TITLE STATEMENT
Title Business information
Remainder of title technologies and strategies
Statement of responsibility, etc. THOMAS, RICHARD
942 ## - ADDED ENTRY ELEMENTS (KOHA)
Source of classification or shelving scheme Library of Congress Classification
Holdings
Withdrawn status Lost status Source of classification or shelving scheme Damaged status Not for loan Home library Current library Shelving location Date acquired Total checkouts Full call number Barcode Date last seen Price effective from Koha item type
    Library of Congress Classification     Main Library Main Library   03/24/2021   HD62.5 .T46 1995 PIU00001106 03/24/2021 03/24/2021 Books